Oldest College Basketball Teams - Statistics

General Stats
  • This quiz has been taken 56 times
  • The average score is 13 of 20
Answer Stats
Year Joined Conference Team % Correct
1896 Ivy Yale
95%
1899 Big 10 Ohio State
93%
1899 Big 10 Michigan State
89%
1897 Ivy Penn
89%
1893 Big 10 Iowa
86%
1896 Big 10 Minnesota
84%
1897 Big 10 Purdue
82%
1899 Big 10 Wisconsin
82%
1897 Big 10 Penn State
80%
1899 Big 12 Kansas
77%
1896 Pac 12 Washington
77%
1899 Ivy Cornell
75%
1897 Big 10 Nebraska
70%
1897 ACC Notre Dame
52%
1897 Big East Butler
43%
1896 Patriot Bucknell
32%
1895 AAC Temple
32%
1899 Missouri Valley Illinois State
25%
1898 Summit North Dakota State
23%
1895 CAA Drexel
16%
No matching quizzes found
Score Distribution
Percent of People with Each Score
Percentile by Number Answered
Your Score History
You have not taken this quiz